00373pab a2200133 454500008004000000100002100040245006300061260000900124300001300133362001200146650002000158650001000178773005100188180718b2012 xxu||||| |||| 00| 0 eng d aTuran, Alexander aThe European debt crisis: New standards in monetary policy c2012 ap.73-77. aJul-Dec aMonetary policy aDebts aSouth Asian Journal of Socio-Political Studies